000 00747nab a2200217u 4500
001 19411
003 HDC
007 c| |||a|c|aaaa
008 210228b20110224my ||||o |||| 00| 0 eng d
040 _aHDC
245 0 _aAustralia: Meat and Livestock Australia renews commitment to the region in Gulfood 2011
336 _atext
_2rdacontent
337 _acomputer
_2rdamedia
338 _aonline resource
_2rdacarrier
650 _aGulfood 2011
_917882
650 _aMeat & Livestock Australia (MLA)
_917881
856 _zRequest full-text at [email protected]
942 _2lcc
942 _cNEWS
942 _kNWS0 003570
999 _c16727
_d16727